Statistics for Star Wars Trivia (Difficult)

Click here to take the quiz!

General Stats

  • This quiz has been taken 6,101 times
  • The average score is 12 of 20

Answer Stats

HintAnswer% Correct
Who killed Jabba the Hutt?Princess Leia
92%
Darth Tyranus is more commonly know as...Count Dooku
83%
What run can the Millennium Falcon make in less than 12 Parsecs?Kessel
82%
"Aren't you a little short for a ________?"Stormtrooper
82%
Which main character originates from the planet Corellia?Han Solo
77%
Which planet did Jango Fett live on?Kamino
75%
From which planet does Chewbacca (and his species) originate?Kashyyyk
70%
Who said "Jabba has put a price on your head so large, that every bounty hunter in the galaxy will be looking for you. I'm lucky I found you first"?Greedo
67%
And on which planet can you find his Diner?Coruscant
66%
What are the droids called, that can roll and form a shield around themselves when stationary?Droideka
65%
IG-88 was what kind of droid?Assassin
64%
Who was the tallest character to appear in any of the Star Wars movies?Chewbacca
64%
What was Luke Skywalker's call sign during the assault on the Death Star?Red 5
62%
In which real-life country were scenes in Tatooine filmed?Tunisia/UAE
54%
How many forms of communication was C3PO fluent in?Over 6 Million
44%
Complete this quote: C3PO - "He's holding a _______ _________Thermal Detonator
39%
What does T.I.E stand for in TIE fighters?Twin Ion Engines
36%
In The Empire Strikes Back, which creatures attach themselves to the Millennium Falcon?Mynocks
26%
Dexter Jettster owns a Diner, where Obi-Wan goes to visit him, but what is the name of his Diner?Dex's Diner
18%
What is the name of the stadium on Genosis, where the Droids take on the Jedi?Petranaki Arena
9%

Score Distribution

Percentile by Number Answered

Percent of People with Each Score

Your Score History

You have not taken this quiz